| 000 | 00728nam a2200193Ia 4500 | ||
|---|---|---|---|
| 003 | 0 | ||
| 005 | 20250127110124.0 | ||
| 008 | 150126s9999 xx 000 0 und d | ||
| 050 |
_aPHS LC 89 _b.G216 2014 |
||
| 100 | _aGarcia, Kathryn Charisse L. | ||
| 245 | 2 |
_aA comparative study of loneliness and academic performance on the grade 11 Southville students of AY 2013-2014 / _cKathryn Charisse L. Garcia. |
|
| 260 |
_aLas PiƱas City, Philippines : _bSouthville International School and Colleges, _c2014. |
||
| 300 |
_a24 pages : _billustration ; _c28 cm. |
||
| 504 | _aIncludes bibliographical references. | ||
| 650 | _aAcademic performance. | ||
| 650 | _aAcademic achievement. | ||
| 650 | _aLoneliness. | ||
| 942 |
_2lcc _cPASS |
||
| 999 |
_c278706 _d278706 |
||